Medical prefixes and suffixes - Statistics

General Stats
  • This quiz has been taken 2,904 times
  • The average score is 9 of 15
Answer Stats
Hint Answer % Correct
Heart Cardio
96%
Skin Derm
80%
Too much Hyper
70%
Not enough Hypo
70%
Stomache Gastro
67%
Nervous system Neuro
66%
Inflammation itis
65%
Lungs Pulmo
64%
Bones Osteo
56%
Nose Rhino
54%
Surgical removal ectomy
50%
Death Necro
44%
Kidney Nephro
42%
Sleep Narco
28%
Pain algia
23%
No matching quizzes found
Score Distribution
Percent of People with Each Score
Percentile by Number Answered
Your Score History
You have not taken this quiz